[Event "DEN-ch KP Gr1"]
[Site "Svendborg"]
[Date "2023.04.05"]
[Round "4"]
[White "Easwaralingam, Adesh"]
[Black "Hansen, Mikkel Strandby"]
[Result "1-0"]
[WhiteElo "2164"]
[BlackElo "1795"]
[PlyCount "47"]
[EventDate "2023.04.05"]
[EventType "swiss"]
[EventRounds "5"]
[EventCountry "DEN"]
[SourceTitle "CBM 213 Extra"]
[Source "ChessBase"]
[SourceDate "2023.05.31"]
[SourceVersion "1"]
[SourceVersionDate "2023.05.31"]
[SourceQuality "1"]

1. e4 e6 2. d4 d5 3. Nd2 Nf6 4. e5 Nfd7 5. Bd3 c5 6. c3 Nc6 7. Ne2 cxd4 8. cxd4 f6 9. exf6 Nxf6 10. Nf3 Bd6 11. 0-0 0-0 12. Bg5 Qc7 13. Rc1 Nh5 14. Qc2 h6 15. Be3 Rxf3 16. gxf3 Bxh2+ 17. Kg2 Nf4+ 18. Nxf4 Bxf4 19. Qd2 Bxe3 20. fxe3 Qe7 21. f4 e5 22. dxe5 Qh4 23. Rf3 d4 24. e4 1-0

[Event "DEN-ch Kort Paaske 1"]
[Site "Svendborg"]
[Date "2021.10.18"]
[Round "5"]
[White "Dreyer Stapput, Jakob"]
[Black "Hansen, Mikkel Strandby"]
[Result "1/2-1/2"]
[WhiteElo "1496"]
[BlackElo "1763"]
[PlyCount "127"]
[EventDate "2021.10.16"]
[EventType "swiss"]
[EventRounds "5"]
[EventCountry "DEN"]
[SourceTitle "EXT 2025"]
[Source "ChessBase"]
[SourceDate "2024.10.14"]
[SourceVersion "1"]
[SourceVersionDate "2024.10.14"]
[SourceQuality "1"]

1. d4 e6 2. Nc3 d5 3. Bf4 Nf6 4. e3 Be7 5. Bd3 0-0 6. h3 c5 7. dxc5 Bxc5 8. Nf3 a6 9. 0-0 Nbd7 10. e4 dxe4 11. Nxe4 Nxe4 12. Bxe4 Nf6 13. Qe2 Qb6 14. Be5 Nxe4 15. Qxe4 f6 16. Bc3 e5 17. Nh4 Bd7 18. Qd5+ Be6 19. Qe4 Rad8 20. Nf5 Kh8 21. Ne3 Bxe3 22. Qxe3 Qxe3 23. fxe3 Kg8 24. a3 Rd7 25. Rad1 Rfd8 26. Rxd7 Rxd7 27. Kh2 Bc4 28. Re1 Kf7 29. Kg3 Ke6 30. Kg4 Kf7 31. Bb4 Rc7 32. Bc3 Rd7 33. Bb4 Be6+ 34. Kf3 Kg6 35. Re2 Bd5+ 36. Kf2 Be4 37. g3 b6 38. Rd2 Rxd2+ 39. Bxd2 Bxc2 40. Bc3 Be4 41. b4 Kf5 42. a4 Bc6 43. a5 bxa5 44. bxa5 g5 45. Bb4 h5 46. Be7 Kg6 47. h4 Kf5 48. hxg5 fxg5 49. Bd8 Kg4 50. Bf6 Kf5 51. Bd8 Kg4 52. Bf6 e4 53. Be7 h4 54. gxh4 gxh4 55. Bd6 Bd7 56. Bc7 h3 57. Bd6 Kf5 58. Bc7 Ke6 59. Kg3 Kd5 60. Bb6 Kc4 61. Bd4 Kd3 62. Kh2 Ke2 63. Bb6 Kf1 64. Bd4 1/2-1/2

[Event "Taastrup Quick Weekend 23th Basis 8"]
[Site "Taastrup"]
[Date "2016.05.20"]
[Round "2"]
[White "Hansen, Mikkel Strandby"]
[Black "Falkenberg, Rasmus"]
[Result "1-0"]
[WhiteElo "1345"]
[BlackElo "1066"]
[PlyCount "105"]
[EventDate "2016.05.20"]
[EventType "tourn"]
[EventRounds "5"]
[EventCountry "DEN"]
[SourceTitle "EXT 2024"]
[Source "ChessBase"]
[SourceDate "2023.10.10"]
[SourceVersion "1"]
[SourceVersionDate "2023.10.10"]
[SourceQuality "1"]

1. d4 d5 2. Nf3 Nc6 3. Bf4 Nf6 4. e3 a6 5. Nbd2 Bf5 6. h3 Nb4 7. Bd3 Nxd3+ 8. cxd3 Bxd3 9. Qb3 Bb5 10. a4 Bc6 11. Ne5 Rb8 12. Rc1 e6 13. Qc2 Bd6 14. Nxc6 bxc6 15. Qxc6+ Qd7 16. Qxa6 0-0 17. b3 Ne4 18. Nxe4 dxe4 19. Bxd6 cxd6 20. Rb1 h6 21. 0-0 Ra8 22. Qe2 Rfe8 23. Ra1 e5 24. Rfd1 Re6 25. Qg4 Ra5 26. d5 Re7 27. Qxd7 Rxd7 28. b4 Ra8 29. Rdc1 Rda7 30. a5 Kf8 31. Rc4 f5 32. Rc6 Ke7 33. Rac1 Kd7 34. Kh2 g5 35. g4 f4 36. R1c4 fxe3 37. fxe3 Re8 38. Rxe4 Rc7 39. Rec4 Rxc6 40. Rxc6 Rb8 41. Rc4 Rb5 42. Kg3 Rxd5 43. a6 Rb5 44. a7 d5 45. Rc5 Rxb4 46. a8Q d4 47. Qd5+ Ke8 48. exd4 exd4 49. Rc4 Rb3+ 50. Kf2 Rxh3 51. Rc7 Rh2+ 52. Kg1 Re2 53. Qa8# 1-0